000
00212nam a22000857a 4500
008
161201b xxu||||| |||| 00| 0 eng d
100
_9
1689
_a
Malhtra,S.S
245
_a
abc of Mathmetics
260
_a
New Delhi
_b
Holy Faith
999
_c
4401
_d
4401